000
002550000a22001090004500
090
_a
As
_b
Seriadas
245
1
0
_a
Loros
041
0
_a
Español
100
1
_a
Uribe, Joaquín Antonio
_9
99979
942
_c
ARTICULO
773
1
_t
Boletín SAO
_h
16-17
_q
95-97
_d
1998
_g
9
999
_c
15752
_d
15752